| 000 | 00449nam a2200205Ia 4500 | ||
|---|---|---|---|
| 008 | 210210b1962 xxu||||| |||| 00| 0 eng d | ||
| 041 | _aeng | ||
| 082 | _a721/32 | ||
| 100 | _aRATHBEEN | ||
| 245 | _aLaymans guide to modern art | ||
| 260 |
_aLondon _bDavid mckay company _c1962 |
||
| 650 | _ato | ||
| 650 | _amodern | ||
| 650 | _aLaymans | ||
| 650 | _aguide | ||
| 650 | _aart | ||
| 690 | _aThe Arts | ||
| 700 | _aHAYES | ||
| 906 | _a011003 | ||
| 999 |
_c139064 _d139064 |
||